000
00279nam a2200109 a 4500
005
20140414132059.0
008
110805s19uu xx 00 eng d
050
_a
TR 411
_b
K16 2002
245
_a
Contemporary Cursive.
260
_a
New York :
_b
Scholastic,
_c
2002.
999
_c
114404
_d
114404